000 00620nam a2200229Ia 4500
005 20241129120158.0
008 241129s9999||||xx |||||||||||||| ||und||
020 _a9781032075389
037 _aTB
040 _aSDCL
_beng
_cSDCL
041 _aeng
_2eng
084 _aO1:g, R3
_qSDCL
100 _aD'haen Theo Ed.; Damrosch David Ed.; Kadir Djelal Ed.
_9729352
245 0 _aRoutledge companion to world literature
250 _a2nd
260 _aLondon
_bRoutledge
_c2023
300 _axxii,464p.
365 _aGBP
_b205
650 _aEnglish
942 _cTB
_hO1:g, R3
999 _c1233684
_d1233684